Statistics for Country by City (Europe)

Click here to take the quiz!

General Stats

  • This quiz has been taken 65 times
  • The average score is 26 of 39

Answer Stats

HintAnswer% Correct
LiverpoolUnited Kingdom
100%
RotterdamNetherlands
98%
GlasgowUnited Kingdom
98%
NiceFrance
98%
NaplesItaly
97%
CorkIreland
97%
DresdenGermany
93%
MalmöSweden
92%
WrocławPoland
88%
GdańskPoland
87%
InnsbruckAustria
85%
DubrovnikCroatia
83%
DonetskUkraine
77%
LiègeBelgium
75%
ZaragozaSpain
75%
BrnoCzech Republic
72%
BayonneFrance
72%
LeónSpain
72%
GrazAustria
72%
KatowicePoland
67%
KielGermany
63%
KaunasLithuania
60%
Novi SadSerbia
60%
GijónSpain
57%
KošiceSlovakia
55%
Cluj-NapocaRomania
55%
KalamataGreece
55%
OuluFinland
55%
MariborSlovenia
53%
VigoSpain
53%
OstravaCzech Republic
50%
RovaniemiFinland
47%
CoimbraPortugal
47%
PärnuEstonia
43%
TartuEstonia
38%
ZenicaBosnia and Herzegovina
37%
LiepājaLatvia
30%
KlaipėdaLithuania
28%
ŻabbarMalta
20%

Score Distribution

Percentile by Number Answered

Percent of People with Each Score

Your Score History

You have not taken this quiz